000 00429cam a2200145 4500500
005 20251012032550.0
041 _afre
042 _adc
100 1 0 _aDepaule, Jean-Charles
_eauthor
245 0 0 _aFragment de Ma vie avec
260 _c2005.
500 _a31
786 0 _nSigila | 16 | 2 | 2005-12-20 | p. 171-171 | 1286-1715
856 4 1 _uhttps://shs.cairn.info/revue-sigila-2005-2-page-171?lang=fr&redirect-ssocas=7080
999 _c1547657
_d1547657